Govt. of
Madhya Pradesh

The Modern World 1901-1998 (Record no. 39761)

MARC details
000 -LEADER
fixed length control field 004770000a22001690004500
003 - CONTROL NUMBER IDENTIFIER
control field MACL
005 - DATE AND TIME OF LATEST TRANSACTION
control field 20151222152633.0
008 - FIXED-LENGTH DATA ELEMENTS--GENERAL INFORMATION
fixed length control field 151222b xxu||||| |||| 00| 0 eng d
040 ## - CATALOGING SOURCE
Original cataloging agency MACL
Transcribing agency MACL
041 ## - LANGUAGE CODE
Language code of text/sound track or separate title English
082 ## - DEWEY DECIMAL CLASSIFICATION NUMBER
Classification number 900WIL
100 ## - MAIN ENTRY--PERSONAL NAME
Personal name Williams, Neville
9 (RLIN) 21888
245 ## - TITLE STATEMENT
Title The Modern World 1901-1998
Remainder of title The Hutchinson Chronology of World History Vo 4
260 ## - PUBLICATION, DISTRIBUTION, ETC. (IMPRINT)
Name of publisher, distributor, etc. Helicon Publishing Ltd
Date of publication, distribution, etc. 1999
Place of publication, distribution, etc. Italy
650 ## - SUBJECT ADDED ENTRY--TOPICAL TERM
Topical term or geographic name as entry element History
9 (RLIN) 22074
942 ## - ADDED ENTRY ELEMENTS (KOHA)
Koha item type Books
Call number prefix 900/WIL
Source of classification or shelving scheme
Holdings
Withdrawn status Lost status Source of classification or shelving scheme Damaged status Not for loan Home library Current library Date acquired Total Checkouts Full call number Barcode Date last seen Uniform Resource Identifier Price effective from Koha item type
          MACL MACL 15/04/2015   900/WIL RBKS CRB001044 29/04/2015 39998 15/04/2015 Books